000 00872nam a2200241Ia 4500
003 GCL
008 140319s9999 xx 000 0 ara d
020 _a19906405085
040 _aGCL /
_cGCL
082 0 4 _a330.900951
_bك ا
100 1 _aفن، يانغ جيان
245 1 0 _aالاقتصاد الصينى /
_cفن، يانغ جيان
700 1 _aكوى، وانغ منغ
700 1 _aرونغ، تشنغ بوه
260 _aالصين :
_bدار النشر الصينية عبر القارات ،
_c2005
300 _a180 ص ؛
_c22 سم
490 _aسلسلة اساسيات الصين
_v0
650 0 4 _aالصين - الاحوال الاقتصادية
650 0 4 _aالصين - التنمية الاقتصادية
650 0 4 _aالصين - التنمية الحضرية
650 0 4 _aالاصلاح الزراعى - الصين
942 _2ddc
_cBK
999 _c9029
_d9029